Polskie lasy i kompleksy leśne - Statystyki

Ogólne statystyki
  • Ten quiz został rozwiązany 8 razy
  • Średni wynik to 6 z 21
Odpowiedzi na mapie
Odpowiedzi zakodowano w zielono-czerwonej skali na mapie do tego quizu, zgodnie z poniższymi procentami.
 
Statystyki odpowiedzi
Odpowiedź Powieszchnia(km2) % Poprawnych
Puszcza Białowieska 3086(pl)
100%
Bory Tucholskie 3000
67%
Puszcza Świętokrzyska 768
50%
Puszcza Niepołomicka 110
33%
Puszcza Augustowska 1140(pl)
33%
Puszcza Biała 850
33%
Puszcza Drawska 622
33%
Puszcza Goleniowska 630
33%
Puszcza Kampinowska 270
33%
Puszcza Karpacka 3130
33%
Puszcza Knyszyńska 1050
33%
Puszcza Piska 1000
33%
Puszcza Nidzicka 1173
17%
Puszcza Notecka 1370
17%
Puszcza Romincka 155
17%
Puszcza Sandomierska 1100
17%
Bory Strobawskie 420
0%
Lasy Parczewskie 136
0%
Puszcza Lubuska 1010
0%
Puszcza Pilicka 520
0%
Puszcza Sudecka 2390
0%
Nie znaleziono quizów pasujących do podanych kryteriów
Rozkład punktacji
Procent ludzi z każdym wynikiem
Percentyl według liczby udzielonych odpowiedzi
Twoja historia wyników
Nie rozwiązałeś tego quizu